<?xml version="1.0" encoding="UTF-8"?>
<record
    xmlns:xsi="http://www.w3.org/2001/XMLSchema-instance"
    xsi:schemaLocation="http://www.loc.gov/MARC21/slim http://www.loc.gov/standards/marcxml/schema/MARC21slim.xsd"
    xmlns="http://www.loc.gov/MARC21/slim">

  <leader>01125nam a2200253 i 4500</leader>
  <controlfield tag="001">187075</controlfield>
  <controlfield tag="003">SpMaBN</controlfield>
  <controlfield tag="005">20230906222818.0</controlfield>
  <controlfield tag="008">170410s1988    sp           |||| | spa d</controlfield>
  <datafield tag="020" ind1=" " ind2=" ">
    <subfield code="a">84-7719-095-X</subfield>
  </datafield>
  <datafield tag="080" ind1=" " ind2=" ">
    <subfield code="a">016:327.32(460)"19"</subfield>
  </datafield>
  <datafield tag="080" ind1=" " ind2=" ">
    <subfield code="a">016:821.134.2-94"19"</subfield>
  </datafield>
  <datafield tag="111" ind1="2" ind2=" ">
    <subfield code="a">Coloquio de Historia Contempor&#xE1;nea (</subfield>
    <subfield code="n">2&#xBA;. </subfield>
    <subfield code="d">1987. </subfield>
    <subfield code="c">Le&#xF3;n)</subfield>
    <subfield code="9">162327</subfield>
  </datafield>
  <datafield tag="245" ind1="1" ind2="3">
    <subfield code="a">La revoluci&#xF3;n rusa 70 a&#xF1;os despu&#xE9;s </subfield>
    <subfield code="b">: actas del Segundo Coloquio de Historia Contempor&#xE1;nea : Universidad de Le&#xF3;n [del 11 al 13 de noviembre de 1987] / </subfield>
    <subfield code="c">F. Caranto&#xF1;a A., G. Puente F., eds. ; Mijail D. Karpachev ... [et al.].</subfield>
  </datafield>
  <datafield tag="260" ind1=" " ind2=" ">
    <subfield code="a">Le&#xF3;n : </subfield>
    <subfield code="b">Universidad, Secretariado de Publicaciones, </subfield>
    <subfield code="c">[1988]</subfield>
  </datafield>
  <datafield tag="300" ind1=" " ind2=" ">
    <subfield code="a">223 p. ; </subfield>
    <subfield code="c">21 cm.</subfield>
  </datafield>
  <datafield tag="504" ind1=" " ind2=" ">
    <subfield code="a">Referencias bibliogr&#xE1;ficas.</subfield>
  </datafield>
  <datafield tag="650" ind1=" " ind2="7">
    <subfield code="a">Movimiento obrero-</subfield>
    <subfield code="z">Espa&#xF1;a-</subfield>
    <subfield code="y">S.XX-</subfield>
    <subfield code="v">Congresos y asambleas.</subfield>
    <subfield code="9">162328</subfield>
  </datafield>
  <datafield tag="651" ind1=" " ind2="7">
    <subfield code="a">Rusia-</subfield>
    <subfield code="x">Historia-</subfield>
    <subfield code="y">1917-1921, Revoluci&#xF3;n-</subfield>
    <subfield code="v">Congresos y asambleas.</subfield>
    <subfield code="9">162329</subfield>
  </datafield>
  <datafield tag="700" ind1="1" ind2=" ">
    <subfield code="a">Caranto&#xF1;a &#xC1;lvarez, Francisco.</subfield>
    <subfield code="9">162330</subfield>
  </datafield>
  <datafield tag="700" ind1="1" ind2=" ">
    <subfield code="a">Karpachev, Mijail D.</subfield>
    <subfield code="9">162331</subfield>
  </datafield>
  <datafield tag="710" ind1="2" ind2=" ">
    <subfield code="a">Universidad de Le&#xF3;n.</subfield>
    <subfield code="9">7200</subfield>
  </datafield>
  <datafield tag="852" ind1=" " ind2=" ">
    <subfield code="a">ES-MaACL</subfield>
    <subfield code="j">L-31396</subfield>
  </datafield>
  <datafield tag="999" ind1=" " ind2=" ">
    <subfield code="c">187075</subfield>
    <subfield code="d">187075</subfield>
  </datafield>
  <datafield tag="952" ind1=" " ind2=" ">
    <subfield code="0">0</subfield>
    <subfield code="1">0</subfield>
    <subfield code="4">0</subfield>
    <subfield code="7">0</subfield>
    <subfield code="a">ATENEOM</subfield>
    <subfield code="b">ATENEOM</subfield>
    <subfield code="c">DEPO2</subfield>
    <subfield code="d">2017-04-10</subfield>
    <subfield code="e">DON</subfield>
    <subfield code="l">0</subfield>
    <subfield code="o">L-31396</subfield>
    <subfield code="p">1197362</subfield>
    <subfield code="r">2023-02-23 00:00:00</subfield>
    <subfield code="w">2023-02-23</subfield>
    <subfield code="y">MONOGRAFIA</subfield>
  </datafield>
</record>
